| 000 | 00436nam a22001097a 4500 | ||
|---|---|---|---|
| 008 | 160321b xxu||||| |||| 00| 0 eng d | ||
| 100 | _aBohne, Werner | ||
| 245 | _aReference Manual of Forgeries Vol 14 Third Reich, misc. | ||
| 260 |
_aArnold, MD _bGermany Philatelic Society _c1975 - 2000 |
||
| 650 | _aGermany | Forgeries and Counterfeits | Collecting -- Identification | German States | German Colonies | ||
| 700 | _aGermany Philatlic Society | ||
| 999 |
_c1861 _d1861 |
||